00571nam a2200169 i 4500001000700000003000900007005001700016007000300033008004100036100003500077245016300112260003800275300003000313700001800343700001900361852002100380104122ES-MaACL20250626063152.0t|051123s1925 fr ||||1| fre d1 aMichaelis, Leonor, d1875-194910aManuel de Techniques de Physico-Chimie et spécialement de Chimie des Colloïdes... / cLeonor Michaelis; traduction par H. Chabanier... et C. Lobo-Onell... aParis : bMasson et Cie., c1925. a204 p. : bil. ; c23 cm.1 aChabanier, H.1 aLobo-Onell, C. aES-MaACLjB-2309